Social entrepreneurship and corporate social responsibility in Slovakia

Saved in:
Bibliographic Details
Main Author: Pongráczová, Eva, 1971-
Format: Book Chapter
Language:English
Subjects:
Tags: Add Tag
No Tags, Be the first to tag this record!

MARC

LEADER 00000nla a2200000 4500
001 0167950
005 20240502083410.5
041 0 |a eng 
044 |a HR 
245 1 0 |a Social entrepreneurship and corporate social responsibility in Slovakia  |c Eva Pongráczová 
610 2 0 |a zodpovednosť spoločenská 
610 2 0 |a podnikanie sociálne 
610 2 0 |a nezamestnanosť 
610 2 0 |a vylúčenie sociálne 
610 2 0 |a Slovensko 
100 1 |a Pongráczová, Eva, 1971-